000 01256nam0a22003611 4500
001 RU\NLR\A1SV\64950
005 20260225112254.1
035 _a(NLR Aleph) 009746625
090 _a9964105
_c9964105
100 _a20050905d1924 u y0rusy50 ca
101 1 _arus
_ceng
102 _aRU
200 1 _aКак добывают уголь
_fПер. англ. текста Г.Н-та
_gОчерк о СССР, П.Н.Сурожского
_gОбщ. ред., обработка и доп. Н.А.Каринцева
210 _aМ.
_cНовая Москва
_d1924
215 _a112 с.
_cил.
_d18 см
225 _aБ-ка рабочей молодежи
_fПод общ. ред. МК РЛКСМ
_iПо фабрикам и заводам
327 _aКаменный уголь в СССР / П.Н.Сурожский (С.82-111)
620 _dМосква
702 1 _aН-т
_bГ.
702 1 _aСурожский
_bП. Н.
702 1 _aКаринцев
_bН.
_f1886-1961
_gНиколай
801 0 _aRU
_bNLR
_c20050905
852 _aNLR
_j90/83
899 _aРКП
899 _aБАН
899 _aРГБ
899 _aНГОУНБ
899 _aНБУВ
942 _cBOOK
980 _aNB
980 _aA1SV
980 _aA1SV